| 000 | 01416nam a2200313 a 4500 | ||
|---|---|---|---|
| 001 | ebr10498747 | ||
| 003 | CaPaEBR | ||
| 006 | m u | ||
| 007 | cr cn||||||||| | ||
| 008 | 111101s2011 gw sb 000 0 eng d | ||
| 020 | _z9783866532014 (print) | ||
| 020 | _z9783866539549 | ||
| 040 |
_aCaPaEBR _cCaPaEBR |
||
| 035 | _a(OCoLC)763156951 | ||
| 043 | _ae------ | ||
| 050 | 1 | 4 |
_aKJE1640 _b.T69 2011eb |
| 245 | 0 | 0 |
_aTowards a European contract law _h[electronic resource] / _cedited by Reiner Schulze, Jules Stuyck. |
| 260 |
_aMunich : _bSellier European Law Publishers, _c2011. |
||
| 300 | _axiii, 279 p. | ||
| 504 | _aIncludes bibliographical references. | ||
| 505 | 0 | _apt. 1. Introduction -- pt. 2. Scope and function -- pt. 3. Pre-contractual duties -- pt. 4. Formation -- pt. 5. Unfairness and non-negotiated terms -- pt. 6. Performance and remedies -- pt. 7. Panel discussion -- pt. 8. Future perspectives. | |
| 533 |
_aElectronic reproduction. _bPalo Alto, Calif. : _cebrary, _d2011. _nAvailable via World Wide Web. _nAccess may be limited to ebrary affiliated libraries. |
||
| 650 | 0 |
_aContracts _zEuropean Union countries. |
|
| 655 | 7 |
_aElectronic books. _2local |
|
| 700 | 1 | _aSchulze, Reiner. | |
| 700 | 1 | _aStuyck, Julien. | |
| 710 | 2 | _aebrary, Inc. | |
| 856 | 4 | 0 |
_uhttp://site.ebrary.com/lib/rucke/Doc?id=10498747 _zAn electronic book accessible through the World Wide Web; click to view |
| 999 |
_c132319 _d132319 |
||